[Event "FRA-ch Blitz Online Qual"]
[Site "Europe Echecs INT"]
[Date "2020.05.16"]
[Round "13"]
[White "Denjoy, Arnaud"]
[Black "Flores, Victor"]
[Result "0-1"]
[WhiteElo "2166"]
[BlackElo "1741"]
[PlyCount "48"]
[EventDate "2020.05.16"]
[EventType "swiss (blitz)"]
[EventRounds "15"]
[EventCountry "FRA"]
[SourceTitle "CBM 196 Extra"]
[Source "ChessBase"]
[SourceDate "2020.07.31"]
[SourceVersion "1"]
[SourceVersionDate "2020.07.31"]
[SourceQuality "1"]

1. c4 Nf6 2. Nf3 g6 3. Nc3 Bg7 4. g3 0-0 5. Bg2 d6 6. 0-0 e5 7. d3 Nbd7 8. b4 Nh5 9. Bb2 f5 10. a4 f4 11. a5 g5 12. a6 Rb8 13. axb7 Bxb7 14. Rxa7 g4 15. Rxb7 Rxb7 16. Nxe5 Ra7 17. Bd5+ Kh8 18. Nf7+ Rxf7 19. Bxf7 Ndf6 20. Nd5 c6 21. Nxf6 Nxf6 22. Bd4 Rxf7 23. gxf4 Nh5 24. Bf6 Qxf6 0-1

[Event "FRA-ch Blitz Online Qual"]
[Site "Europe Echecs INT"]
[Date "2020.05.16"]
[Round "2"]
[White "Flores, Victor"]
[Black "Papadiamandis, Elliot"]
[Result "0-1"]
[WhiteElo "1741"]
[BlackElo "2269"]
[PlyCount "88"]
[EventDate "2020.05.16"]
[EventType "swiss (blitz)"]
[EventRounds "15"]
[EventCountry "FRA"]
[SourceTitle "CBM 196 Extra"]
[Source "ChessBase"]
[SourceDate "2020.07.31"]
[SourceVersion "1"]
[SourceVersionDate "2020.07.31"]
[SourceQuality "1"]

1. e4 c5 2. Nc3 d6 3. g3 Nf6 4. Bg2 g6 5. d3 Bg7 6. f4 0-0 7. Nf3 Nc6 8. 0-0 e6 9. h3 Rb8 10. Be3 b5 11. Qd2 b4 12. Nd1 Nd7 13. g4 f5 14. exf5 exf5 15. gxf5 Rxf5 16. Ng5 Nd4 17. Be4 Rf8 18. c3 bxc3 19. bxc3 Nf5 20. Ne6 Qh4 21. Nxf8 Nxf8 22. Rf3 Be6 23. Bf2 Qf6 24. Rc1 Nh4 25. Bxh4 Qxh4 26. Qf2 Qf6 27. c4 Qf7 28. Ne3 Bd4 29. Qe2 Nd7 30. Kh2 Nf6 31. Nd5 Nxd5 32. cxd5 Bxd5 33. Bxd5 Qxd5 34. Rc2 Qf5 35. Qe4 Qf7 36. Qc6 Rb1 37. Qxd6 Qb7 38. Qd8+ Kg7 39. Qg5 Qxf3 40. Qe7+ Kh6 41. Qh4+ Qh5 42. Qe7 Rh1+ 43. Kxh1 Qd1+ 44. Kh2 Qg1# 0-1